Revista TCE Mato Grosso (Record no. 22)

MARC details
000 -LÍDER
Campo Fixo de Controle 01040nas a22003017a 4500
001 - NÚMERO DE CONTROLE
Campo de Controle 22
003 - IDENTIFICAÇÃO DO NÚMERO DE CONTROLE
Campo de Controle BR-CuiBMT
005 - DATA E HORA DA ÚLTIMA ATUALIZAÇÃO
Campo de Controle 20231123233847.0
008 - DADOS FIXOS
Dados Fixos 230728c2008 mtbfr p s0 a1por d
022 ## - INTERNATIONAL STANDARD SERIAL NUMBER
Nº do ISSN 2178-8456
040 ## - AGÊNCIA CATALOGADORA
Código da Agência Catalogadora BR-CuiBMT
Agência que transcreveu o registro BR-CuiBMT
041 ## - CÓDIGO DO IDIOMA
Código do Idioma por
Sumário/resumo por
080 ## - Nº DA CLASSIFICAÇÃO DECIMAL UNIVERSAL
Nº edição CDU 2007
Nº Class. CDU 33
Subd. Auxiliar Comum (05)
090 ## - NÚMERO DE CHAMADA
Complemento Periódico
Nº classificação 33(05)
245 00 - TÍTULO PRINCIPAL
Título principal Revista TCE Mato Grosso
246 30 - FORMAS VARIANTES DO TÍTULO
Título principal Revista Técnica do Tribunal de Contas do Estado de Mato Grosso
260 ## - PUBLICAÇÃO, DISTRIBUIÇÃO, ETC.
Local de publicação Cuiabá :
Editora TCE-MT,
Data 2008-
300 ## - DESCRIÇÃO FÍSICA
N. páginas ou volumes v. :
Ilustrações il. ;
Dimensões 28 cm
310 ## - PERIODICIDADE ATUAL DA PUBLICAÇÃO
Periodicidade atual da publicação Semestral
Data da periodicidade atual da publicação 2008-
362 0# - DATAS DA PUBLICAÇÃO E/OU DESIGNAÇÃO SEQUENCIAL
Datas de publicação e/ou designação sequencial No. 2 (2008)-
530 ## - FORMA FÍSICA ADICIONAL
Forma física adicional Disponível também em versão online.
590 ## - NOTA LOCAL
Nota da biblioteca ou instituição Data de início da coleção na Biblioteca: 2008-
650 ## - ASSUNTO TÓPICO
Cabeçalho tópico ou nome geográfico Finanças públicas
Subdivisão de forma Periódicos
710 2# - ENTRADA SECUNDÁRIA -- ENTIDADE
Nome da entidade ou lugar Mato Grosso.
Unidade subordinada Tribunal de Contas.
780 00 - TÍTULO ANTERIOR
Título Revista do Tribunal de Contas do Estado de Mato Grosso
Informação de relacionamento No. 15 (1998)-
Número de controle do registro (BR-CuiBMT) 916
856 4# - LOCALIZAÇÃO E ACESSO ELETRÔNICO
Endereço eletrônico (URI) <a href="https://www.tce.mt.gov.br/publicacao/revista-tce/4">https://www.tce.mt.gov.br/publicacao/revista-tce/4</a>
Texto do link Disponível também online.
Localização e acesso eletrônico 28/07/2023
942 ## - ELEMENTOS DE ENTRADA ADICIONAIS (KOHA)
Fonte de classificação ou esquema de arquivamento Classificação Decimal Universal
Tipo de item do Koha Periódicos
Holdings
Estado: removido Estado: perdido Fonte de classificação ou esquema de arquivamento Estado: danificado Indisponível para empréstimo Código da coleção Localização permanente Localização atual Data de aquisição Numeração serial / cronológica Total Checkouts Número de Chamada completo Código de barras Date last seen Número do exemplar Preço efetivo a partir de Tipo de item (Koha)
    Classificação Decimal Universal     Periódicos Biblioteca da Escola Superior de Contas do TCE/MT Biblioteca da Escola Superior de Contas do TCE/MT 28/07/2023 n. 2, ago. 2008   Periódico 33(05) BIBTCEMT23070024 28/07/2023 Ex. 1 28/07/2023 Periódicos
    Classificação Decimal Universal     Periódicos Biblioteca da Escola Superior de Contas do TCE/MT Biblioteca da Escola Superior de Contas do TCE/MT 28/07/2023 n. 2, ago. 2008   Periódico 33(05) BIBTCEMT23070025 29/07/2023 Ex. 2 29/07/2023 Periódicos
    Classificação Decimal Universal     Periódicos Biblioteca da Escola Superior de Contas do TCE/MT Biblioteca da Escola Superior de Contas do TCE/MT 23/11/2023 n. 2, ago. 2008   Periódico 33(05) BIBTCEMT23110983 23/11/2023 Ex. 3 23/11/2023 Periódicos

Powered by Koha